El estanque monumental de Bibracte: Mont Beuvray, Borgoña
Salvato in:
| Autori principali: | , |
|---|---|
| Natura: | Libro |
| Lingua: | spagnolo |
| Pubblicazione: |
Madrid
Universidad Complutense
1992
|
| Soggetti: | |
| Tags: |
Aggiungi Tag
Nessun Tag, puoi essere il primo ad aggiungerne!!
|
MARC
| LEADER | 00000nam a2200000 a 4500 | ||
|---|---|---|---|
| 001 | UCX6830 | ||
| 003 | CL-VaPUC | ||
| 008 | 930824e19920000SP |||||||||||||||||spa|d | ||
| 082 | 0 | 4 | |a 930.1 |b ALM |2 21 |
| 100 | 0 | |a Almagro-Gorbea, Martín |e author |9 323470 | |
| 700 | 0 | |a Gran-Aymerich, J |e author |9 323471 | |
| 245 | 1 | 3 | |a El estanque monumental de Bibracte: Mont Beuvray, Borgoña |
| 300 | |a 361 p | ||
| 942 | |c BK | ||
| 945 | |d 19930824 00:00:00 | ||
| 260 | |a Madrid |b Universidad Complutense |c 1992 | ||
| 650 | 0 | |a Arqueología |9 265619 | |
| 650 | 0 | |a Antropología prehistórica |9 315030 | |
| 583 | |a last modification |c 19930824 00:00:00 |k Rodrigo Vera | ||
| 999 | |c 226779 |d 226777 | ||
| 952 | |0 0 |1 0 |4 0 |6 930_100000000000000_ALM_1992 |7 0 |8 A |9 225380 |a BIBING |b BIBING |d 2019-11-15 |i 2940817 |o 930.1 ALM 1992 |p 2940817 |r 2025-01-20 |w 2019-11-15 |y BK |k GEO | ||